Southville International School and Colleges
Your cart is empty.
  • Cart
  • Lists
    Public lists Eva Luna New books Lux_list list_1
    Your lists Log in to create your own lists
  • Log in to your account
  • Your cookies
  • Search history
Southville International School and Colleges
  • Advanced search
  • Recent comments
  • Most popular
  • Libraries

Log in to your account

Log in with GOOGLE


If you do not have an external account, but do have a local account, you can still log in:

  1. Home
  2. MARC view: If you were there when they signed the Constitution /
Normal view MARC view ISBD view

If you were there when they signed the Constitution / (Record no. 34009)

[ view plain ]
MARC details
000 -LEADER
fixed length control field 00960cam a2200313 a 4500
001 - CONTROL NUMBER
control field 3375601
003 - CONTROL NUMBER IDENTIFIER
control field OSt
005 - DATE AND TIME OF LATEST TRANSACTION
control field 20140310184356.0
008 - FIXED-LENGTH DATA ELEMENTS--GENERAL INFORMATION
fixed length control field 870921s1987 nyua j 000 0 eng
010 ## - LIBRARY OF CONGRESS CONTROL NUMBER
LC control number 87176826
020 ## - INTERNATIONAL STANDARD BOOK NUMBER
International Standard Book Number 9780590451598
040 ## - CATALOGING SOURCE
Original cataloging agency DLC
Transcribing agency DLC
Modifying agency DLC
043 ## - GEOGRAPHIC AREA CODE
Geographic area code n-us---
050 00 - LIBRARY OF CONGRESS CALL NUMBER
Classification number KF 4541.Z9
Item number .L48 2006
100 1# - MAIN ENTRY--PERSONAL NAME
Personal name Levy, Elizabeth,
Dates associated with a name 1942-
9 (RLIN) 25571
245 10 - TITLE STATEMENT
Title If you were there when they signed the Constitution /
Statement of responsibility, etc Elizabeth Levy
260 ## - PUBLICATION, DISTRIBUTION, ETC. (IMPRINT)
Place of publication, distribution, etc New York :
Name of publisher, distributor, etc Scholastic,
Date of publication, distribution, etc 2006.
300 ## - PHYSICAL DESCRIPTION
Extent 79 p. :
Other physical details ill. (some col.) ;
Dimensions 19 x 23 cm.
520 ## - SUMMARY, ETC.
Summary, etc Describes how the Constitution was drafted and ratified.
521 ## - TARGET AUDIENCE NOTE
Target audience note
526 ## - STUDY PROGRAM INFORMATION NOTE
Reading level 810
562 ## - COPY AND VERSION IDENTIFICATION NOTE
Number of copies 1
650 #0 - SUBJECT ADDED ENTRY--TOPICAL TERM
Topical term or geographic name as entry element Constitutional history
Geographic subdivision United States
General subdivision Juvenile literature.
9 (RLIN) 25572
700 1# - ADDED ENTRY--PERSONAL NAME
Personal name Rosenblum, Richard.
9 (RLIN) 25052
906 ## - LOCAL DATA ELEMENT F, LDF (RLIN)
a 7
b cbc
c orignew
d 3
e ncip
f 19
g y-gencatlg
942 ## - ADDED ENTRY ELEMENTS (KOHA)
Source of classification or shelving scheme Library of Congress Classification
Koha item type
Holdings
Withdrawn status Lost status Source of classification or shelving scheme Damaged status Home library Current library Shelving location Date acquired Total Checkouts Full call number Barcode Date last seen Copy number Price effective from Koha item type
    Library of Congress Classification   Luxembourg Library Luxembourg Library Scholastic Reading Center Section 10/07/2013   KF 4541.Z9 .L48 2006 LEX0899 04/18/2017 1 10/07/2013 Books

If you were there when they signed the Constitution /

APA

Levy E., Rosenblum R., . (2006). If you were there when they signed the Constitution. New York: Scholastic.

Chicago

Levy Elizabeth, Rosenblum Richard, . 2006. If you were there when they signed the Constitution. New York: Scholastic.

Harvard

Levy E., Rosenblum R., . (2006). If you were there when they signed the Constitution. New York: Scholastic.

MLA

Levy Elizabeth, Rosenblum Richard, . If you were there when they signed the Constitution. New York: Scholastic. 2006.

  • Place hold
  • Print
  • Cite
  • Add to your cart (remove)
  • Save record
    BIBTEX Dublin Core MARCXML MARC (non-Unicode/MARC-8) MARC (Unicode/UTF-8) MARC (Unicode/UTF-8, Standard) MODS (XML) RIS
  • More searches
    Search for this title in:
    Other Libraries (WorldCat) Other Databases (Google Scholar) Online Stores (Bookfinder.com) Open Library (openlibrary.org)

Exporting to Dublin Core...

SOUTHVILLE LIBRARY

Southville International School and Colleges Library

1281 Tropical Ave. Cor. Luxembourg St., BF Homes International, Las Pinas City

Tel. No. 8256374 / 252358 Loc. 117/146

Powered by Koha